|
|
|
|
| LEADER |
00000cem a2200000 4500 |
| 001 |
vtls012196414 |
| 003 |
SK-MaSNL |
| 005 |
20260301145146.0 |
| 007 |
aj canzn |
| 008 |
230221s2022 xo a 0 slo |
| 015 |
|
|
|a SNBC2023
|
| 020 |
|
|
|a 9788097396824
|q (zložené)
|
| 034 |
1 |
|
|a a
|
| 040 |
|
|
|a SNK
|b slo
|c SNK
|e rda
|
| 041 |
0 |
|
|a slo
|
| 043 |
|
|
|a ec-----
|
| 044 |
|
|
|a xo
|c SK
|
| 072 |
|
7 |
|a 94(430/439)
|x Dejiny krajín strednej Európy
|2 konspekt
|
| 072 |
|
7 |
|a 912
|x Mapy. Atlasy
|2 konspekt
|
| 080 |
|
|
|a 94(=16)
|2 2011
|
| 080 |
|
|
|a 94(4-191.2)
|2 2011
|
| 080 |
|
|
|a (084.3:0.025.2)
|2 2011
|
| 080 |
|
|
|a (4-191.2)
|2 2011
|
| 100 |
1 |
|
|a Hiadlovský, Richard
|4 aut
|4 ctg
|4 pht
|9 362536
|
| 245 |
1 |
0 |
|a Samova ríša
|h kartografický dokument
|c námet, texty, maľba mapy a fotografie Richard Hiadlovský ; objekty v mape a tematické maľby Viera Šinalová
|
| 250 |
|
|
|a Štvrté vydanie
|
| 255 |
|
|
|a Mierka neuvedená
|
| 264 |
|
1 |
|a Banská Bystrica
|b Richard Hiadlovský - Slovia
|c 2022
|
| 300 |
|
|
|a 1 mapa
|b farebná
|c 67 x 98 cm, zložené na 34 x 25 cm
|
| 336 |
|
|
|a kartografický obraz
|b cri
|2 rdacontent
|
| 337 |
|
|
|a bez média
|b n
|2 rdamedia
|
| 338 |
|
|
|a list
|b nb
|2 rdacarrier
|
| 500 |
|
|
|a Tlačené na jednej strane listu
|
| 504 |
|
|
|a Obsahuje bibliografické odkazy
|
| 648 |
|
7 |
|a 7. storočie
|2 SNKPH
|9 365082
|
| 650 |
0 |
7 |
|a Slovania
|x dejiny
|2 SNKPH
|9 266119
|
| 651 |
|
7 |
|a Európa stredná
|2 SNKPH
|9 23970
|
| 651 |
|
7 |
|a Samova ríša
|x dejiny
|2 SNKPH
|9 485104
|
| 655 |
|
7 |
|a ilustrované mapy
|2 SNKPH
|9 362537
|
| 700 |
1 |
|
|a Šinalová, Viera
|4 ill
|9 343130
|
| 852 |
|
|
|a Štátna vedecká knižnica v Banskej Bystrici
|
| 919 |
|
|
|a 978-80-973968-2-4
|
| 954 |
|
|
|a mapy pôvodné (slovenské)
|2 lita
|
| 958 |
|
|
|a NB
|
| 999 |
|
|
|c 779249
|d 781179
|
| 952 |
|
|
|a SNK
|b SNK
|y PREZ
|7 0
|p 17A1519685
|o snkSLCm 3624
|i snk2023/6359
|8 0
|0 0
|1 0
|4 0
|d 2023-04-20
|l 0
|r 2026-02-24 01:00:11
|w 2026-02-24
|
| 952 |
|
|
|a SNK
|b SNK
|y PREZ
|7 0
|p 17A1519686
|o snkSLCm 3624 D1
|i snk2023/6360
|8 0
|0 0
|1 0
|4 0
|d 2023-04-20
|l 0
|r 2026-02-24 01:00:11
|w 2026-02-24
|